000 01054nam a22002177a 4500
003 NALT
005 20210819130123.0
008 s2545 th tha d
040 _aNALT
041 _atha
090 _aว DS568.N6 ส665ก 2545
100 0 _aสายันต์ ไพรชาญจิตร์
245 1 0 _aทรัพยากรวัฒนธรรมในล้านนาและศักยภาพชุมชนท้องถิ่นในการจัดการอย่างยั่งยืน /
_cสายันต์ ไพรชาญจิตร์
260 3 _aกรุงเทพฯ :
_bมหาวิทยาลัยธรรมศาสตร์,
_c2545
300 _a1 เล่ม :
_b ภาพประกอบ ;
_c 30 ซม.
650 0 4 _aวัฒนธรรมไทย -- วิจัย
650 0 4 _aไทย (ภาคเหนือ) -- ความเป็นอยู่และประเพณี
850 _aNALT
942 _cRSH
_2lcc
998 _bSUKUNYA
_j109
_k อารีรัตน์ วิชาช่าง
999 _c30929
_d30929